Famous people with distinctive hairstyles picture quiz - Statistics

General Stats
  • This quiz has been taken 242 times
  • The average score is 8 of 12
Answer Stats
Picture Answer % Correct
Albert Einstein
96%
Elvis Presley
90%
Rapunzel
84%
Kim Jong-Un
81%
Elizabeth I
75%
Amy Winehouse
74%
Ludwig van Beethoven
72%
Dolly Parton
66%
Marie Antoinette
57%
Willie Nelson
49%
Indira Gandhi
35%
Yulia Tymoshenko
5%
No matching quizzes found
Score Distribution
Percent of People with Each Score
Percentile by Number Answered
Your Score History
You have not taken this quiz